[Event "Schachfreunde Hettstedt-Hamburger SK von 1830"]
[Site "?"]
[Date "2024.09.07"]
[Round "1.3"]
[White "Hitz, Junah"]
[Black "RÃ¶mmisch, Mona"]
[Result "1/2-1/2"]
[WhiteElo "600"]
[BlackElo "911"]
[Board "3"]
[WhiteTeam "Hamburger SK von 1830"]
[BlackTeam "Schachfreunde Hettstedt"]
[Annotator "Rnd./Pair./Board: 01.007.03"]

1.e4 e5 2.Nf3 Nc6 3.Bc4 Be7 4.d3 Nf6 5.O-O O-O 6.Bg5 d6 7.Bxf6 Bxf6 8.Nc3 
Be6 9.Bxe6 fxe6 10.Re1 Bh4 11.Nxh4 Qxh4 12.Nb5 Qxf2+ 13.Kh1 Qb6 14.c4 a6 
15.Nc3 Qxb2 16.Na4 Qf2 17.Rf1 Qxf1+ 18.Qxf1 Rxf1+ 19.Rxf1 b5 20.cxb5 axb5 
21.Nc3 b4 22.Nd1 Rxa2 23.g4 b3 24.Nc3 Rc2 25.Na4 Nb4 26.h4 Nxd3 27.Rb1 
Nf2+ 28.Kg1 Nxg4 29.Rxb3 Rh2 30.Rb8+ Kf7 31.Kf1 Rxh4 32.Kg2 Rh2+ 33.Kg3 h5
34.Rc8 Nf2 35.Kxh2 Nxe4 36.Rxc7+ Kg6 37.Re7 d5 38.Rxe6+ Kf5 39.Re7 d4 40.
Rf7+ Ke6 41.Rxg7 d3 42.Rg6+ Kd5 43.Nb2 d2 44.Rg7 Kc6 45.Rg6+ Kb5 46.Kg2 
Kb4 47.Nd1 Kb3 48.Kf3 Nc3 49.Rb6+ Kc2 1/2-1/2

[Event "Schachfreunde Hettstedt-Hamburger SK von 1830"]
[Site "?"]
[Date "2024.09.07"]
[Round "1.4"]
[White "Ostermann, Philomena"]
[Black "Paradkar, Diya"]
[Result "1/2-1/2"]
[WhiteElo "802"]
[BlackElo "600"]
[Board "4"]
[WhiteTeam "Schachfreunde Hettstedt"]
[BlackTeam "Hamburger SK von 1830"]
[Annotator "Rnd./Pair./Board: 01.007.04"]

1.e4 e5 2.Nf3 Nc6 3.Bc4 Bc5 4.O-O h6 5.Re1 Nf6 6.Nc3 d6 7.d3 Be6 8.Bb3 O-O
9.Bxe6 fxe6 10.Be3 Bb6 11.Rb1 Ng4 12.Bxb6 axb6 13.h3 Nf6 14.Ra1 Qe7 15.Qd2
Nd4 16.Nxd4 exd4 17.Nb5 e5 18.f3 c6 19.Na3 Nd7 20.c3 1/2-1/2

[Event "SC Borussia Lichtenberg-TSG OberschÃ¶neweide"]
[Site "?"]
[Date "2024.09.07"]
[Round "2.1"]
[White "Bayer, Klara"]
[Black "Klymenko, Mariia"]
[Result "0-1"]
[WhiteElo "1467"]
[BlackElo "1435"]
[Board "1"]
[WhiteTeam "TSG OberschÃ¶neweide"]
[BlackTeam "SC Borussia Lichtenberg"]
[Annotator "Rnd./Pair./Board: 02.001.01"]

1.d4 e6 2.Nf3 b6 3.c4 f5 4.e3 Nf6 5.b3 Bb4+ 6.Nbd2 Bb7 7.Bd3 Ne4 8.O-O Bc3
9.Rb1 Bxd2 10.Bxd2 d6 11.Re1 Nd7 12.Be2 O-O 13.Qc2 Rf6 14.Nh4 Rh6 15.Nf3 
Rg6 16.Qd1 Ndf6 17.Nh4 Nxd2 18.Qxd2 Ne4 19.Qc1 Qxh4 20.Bf3 Qxf2+ 21.Kh1 
Ng3+ 22.hxg3 Rh6+ 23.Bh5 Rxh5# 0-1

[Event "SC Borussia Lichtenberg-TSG OberschÃ¶neweide"]
[Site "?"]
[Date "2024.09.07"]
[Round "2.2"]
[White "Szymil, Alicja"]
[Black "Ruddat, Maila"]
[Result "1-0"]
[WhiteElo "1163"]
[BlackElo "1125"]
[Board "2"]
[WhiteTeam "SC Borussia Lichtenberg"]
[BlackTeam "TSG OberschÃ¶neweide"]
[Annotator "Rnd./Pair./Board: 02.001.02"]

1.e4 e5 2.Nf3 Nc6 3.Bc4 Bc5 4.O-O d6 5.h3 Nf6 6.Re1 O-O 7.c3 a5 8.d4 exd4 
9.cxd4 Bb6 10.Bg5 Qd7 11.Nc3 Ne8 12.Bb5 Qe6 13.d5 Qd7 14.dxc6 bxc6 15.Bc4 
Kh8 16.Qd2 f6 17.Be3 Qe7 18.Rad1 Rb8 19.Nh4 Bd7 20.Nf5 Bxf5 21.exf5 Qd7 
22.Be6 Qd8 23.Bc4 d5 24.a3 Nd6 25.Bb3 Re8 26.Bxb6 cxb6 27.Rxe8+ Qxe8 28.
Nxd5 cxd5 29.Qxd5 Nb7 30.Qd2 Nc5 31.Ba2 h6 32.Qc3 Qc8 33.Qg3 Ne4 34.Qf4 
Nc5 35.b4 axb4 36.axb4 Na6 37.Qg4 Ra8 38.Be6 Qe8 39.Rd7 g5 40.fxg6 Qb8 41.
Qh5 Qf4 42.Rh7# 1-0

[Event "SC Borussia Lichtenberg-TSG OberschÃ¶neweide"]
[Site "?"]
[Date "2024.09.07"]
[Round "2.3"]
[White "Ulianova, Anna"]
[Black "Nuzhnaia, Daria"]
[Result "1-0"]
[WhiteElo "1092"]
[BlackElo "850"]
[Board "3"]
[WhiteTeam "TSG OberschÃ¶neweide"]
[BlackTeam "SC Borussia Lichtenberg"]
[Annotator "Rnd./Pair./Board: 02.001.03"]

1.e4 c5 2.Bc4 Nc6 3.Nf3 Nf6 4.d3 e6 5.e5 Ng4 6.Qe2 d6 7.Bb5 dxe5 8.Bxc6+ 
bxc6 9.Nxe5 Nxe5 10.Qxe5 Bd6 11.Qxg7 Rf8 12.Qxh7 Ba6 13.Bh6 c4 14.Bxf8 
Kxf8 15.Qh8+ Ke7 16.Qh4+ Kf8 17.Qh6+ Ke7 18.dxc4 Bxc4 19.Qh4+ Kf8 20.Qxc4 
Be5 21.Nc3 Qc7 22.f4 Bxf4 23.g3 Be5 24.O-O Rb8 25.Rab1 1-0

[Event "SC Borussia Lichtenberg-TSG OberschÃ¶neweide"]
[Site "?"]
[Date "2024.09.07"]
[Round "2.4"]
[White "Klymenko, Stefaniia"]
[Black "Yamshchikova, Oleksandra"]
[Result "1/2-1/2"]
[WhiteElo "600"]
[BlackElo "997"]
[Board "4"]
[WhiteTeam "SC Borussia Lichtenberg"]
[BlackTeam "TSG OberschÃ¶neweide"]
[Annotator "Rnd./Pair./Board: 02.001.04"]

1.d4 d5 2.Nf3 Nf6 3.Bf4 Bf5 4.e3 e6 5.Nc3 Nc6 6.Bb5 a6 7.Bxc6+ bxc6 8.O-O 
Bd6 9.Ne5 O-O 10.Nxc6 Qe8 11.Bxd6 cxd6 12.Nb4 a5 13.Nd3 a4 14.Qf3 Be4 15.
Qg3 Qe7 16.Nb5 1/2-1/2

[Event "SAV Torgelow-DrÃ¶geheide 90-Schachfreunde Hettstedt"]
[Site "?"]
[Date "2024.09.07"]
[Round "2.1"]
[White "MÃ¼ller, Greta Waltraud"]
[Black "Briese, Sophie"]
[Result "0-1"]
[WhiteElo "1130"]
[BlackElo "1356"]
[Board "1"]
[WhiteTeam "Schachfreunde Hettstedt"]
[BlackTeam "SAV Torgelow-DrÃ¶geheide 90"]
[Annotator "Rnd./Pair./Board: 02.002.01"]

1.e4 c5 2.c3 d5 3.Bd3 Nc6 4.Nf3 e6 5.O-O Qc7 6.Re1 Be7 7.Bc2 Nf6 8.d3 O-O 
9.Bg5 h6 10.Be3 Rd8 11.Qe2 b6 12.Rd1 Ba6 13.Qe1 Bd6 14.e5 Nxe5 15.d4 Nxf3+
16.gxf3 Bxh2+ 17.Kg2 Nh5 18.Nd2 Nf4+ 19.Kxh2 Nd3+ 20.Kg1 Nxe1 21.Rxe1 h5 
22.Rad1 h4 23.Nf1 Bxf1 24.Kxf1 h3 25.Ke2 e5 26.Bb1 cxd4 27.cxd4 exd4 28.
Bxd4 Re8+ 29.Kf1 Qh2 30.Rxe8+ Rxe8 0-1

[Event "SAV Torgelow-DrÃ¶geheide 90-Schachfreunde Hettstedt"]
[Site "?"]
[Date "2024.09.07"]
[Round "2.2"]
[White "Subocz, Barbara"]
[Black "Kolditz, Julia"]
[Result "1/2-1/2"]
[WhiteElo "1230"]
[BlackElo "1080"]
[Board "2"]
[WhiteTeam "SAV Torgelow-DrÃ¶geheide 90"]
[BlackTeam "Schachfreunde Hettstedt"]
[Annotator "Rnd./Pair./Board: 02.002.02"]

1.e4 e5 2.f4 Nc6 3.Nf3 f6 4.Bb5 Bd6 5.Bxc6 dxc6 6.fxe5 fxe5 7.Nc3 Bg4 8.h3
Bh5 9.d3 Nf6 10.Be3 Bb4 11.a3 Ba5 12.O-O O-O 13.Qd2 Re8 14.Qf2 Bxc3 15.
bxc3 c5 16.Bxc5 b6 17.Be3 Qd6 18.Qg3 Qc6 19.Bh6 Bg6 20.Bd2 Qc5+ 21.Kh1 Qb5
22.Rac1 Qb2 23.Nxe5 Nh5 24.Qg5 Re6 25.Nxg6 hxg6 26.Kh2 Qxa3 27.Qd5 Qd6+ 
28.Qxd6 1/2-1/2

[Event "SAV Torgelow-DrÃ¶geheide 90-Schachfreunde Hettstedt"]
[Site "?"]
[Date "2024.09.07"]
[Round "2.3"]
[White "RÃ¶mmisch, Mona"]
[Black "Subocz, Emma"]
[Result "0-1"]
[WhiteElo "911"]
[BlackElo "1059"]
[Board "3"]
[WhiteTeam "Schachfreunde Hettstedt"]
[BlackTeam "SAV Torgelow-DrÃ¶geheide 90"]
[Annotator "Rnd./Pair./Board: 02.002.03"]

1.e4 c5 2.Nf3 d6 3.d4 cxd4 4.Nxd4 Nc6 5.Bb5 Bd7 6.Be3 Nf6 7.Nc3 g6 8.O-O 
Bg7 9.Qd2 O-O 10.Rad1 a6 11.Ba4 Ng4 12.Bf4 Nxd4 13.Bxd7 Qxd7 14.f3 Nf6 15.
Qxd4 Nh5 16.Qe3 Rac8 17.e5 Nxf4 18.Qxf4 dxe5 19.Rxd7 exf4 20.Rxb7 Bxc3 21.
bxc3 Rxc3 22.Rb2 Rfc8 23.Rb6 a5 24.Ra6 R8c5 25.Ra7 e6 26.Ra8+ Kg7 27.h3 
Rxc2 28.Re1 Rxa2 29.Re4 e5 30.Re1 f6 31.Ra7+ Kh6 32.Kh2 Rcc2 33.Rg1 Rf2 
34.Rd7 Rxf3 35.Rdd1 Kh5 36.Rgf1 Rg3 0-1

[Event "SAV Torgelow-DrÃ¶geheide 90-Schachfreunde Hettstedt"]
[Site "?"]
[Date "2024.09.07"]
[Round "2.4"]
[White "Zietz, Leni"]
[Black "Ostermann, Philomena"]
[Result "1-0"]
[WhiteElo "969"]
[BlackElo "802"]
[Board "4"]
[WhiteTeam "SAV Torgelow-DrÃ¶geheide 90"]
[BlackTeam "Schachfreunde Hettstedt"]
[Annotator "Rnd./Pair./Board: 02.002.04"]

1.d4 d5 2.Nf3 Nf6 3.Bf4 Nc6 4.e3 Bg4 5.Nbd2 Bxf3 6.Nxf3 Ne4 7.Bd3 Nb4 8.
Be2 e6 9.Ne5 Bd6 10.O-O O-O 11.c3 Nc6 12.c4 Bxe5 13.Bxe5 dxc4 14.Bxc4 Nxe5
15.dxe5 c6 16.Qc2 Qh4 17.Bd3 f5 18.exf6 Nxf6 19.Rad1 Rad8 20.Bc4 Rde8 21.
Rd6 Ne4 22.Rd4 Rxf2 23.Rxf2 Qxf2+ 24.Qxf2 Nxf2 25.Kxf2 Rf8+ 26.Rf4 b5 27.
Bxe6+ Rf7 28.Rxf7 h5 29.Rxa7+ Kh7 30.Bf5+ Kg8 31.Bg6 Kf8 32.e4 c5 33.e5 b4
34.e6 c4 35.e7+ Kg8 36.Ra8# 1-0

[Event "SchVgg Blankenese von 1923-SC Caissa Falkensee"]
[Site "?"]
[Date "2024.09.07"]
[Round "2.1"]
[White "Alnajjar, Sara"]
[Black "Busch, Lara Sophie"]
[Result "0-1"]
[WhiteElo "1065"]
[BlackElo "1616"]
[Board "1"]
[WhiteTeam "SC Caissa Falkensee"]
[BlackTeam "SchVgg Blankenese von 1923"]
[Annotator "Rnd./Pair./Board: 02.003.01"]

1.e4 e5 2.Nf3 Nc6 3.Nc3 Nf6 4.d4 exd4 5.Nxd4 Bb4 6.Bg5 O-O 7.Nxc6 bxc6 8.
e5 Re8 9.f4 Qe7 10.Be2 Qc5 11.Bxf6 gxf6 12.Qd3 fxe5 13.fxe5 Qxe5 14.O-O 
Bxc3 15.bxc3 a5 16.Rae1 Ba6 17.c4 Qc5+ 18.Kh1 Re7 19.Rf3 Rae8 20.Rg3+ Kh8 
21.Qf3 Qe5 22.Bf1 Qd6 23.c5 Rxe1 24.Qxf7 Qxg3 25.Qxe8+ Rxe8 26.hxg3 Re1 
27.Kh2 Rxf1 28.Kh3 Be2 29.Kh4 h6 30.g4 Rf4 31.Kg3 Rxg4+ 32.Kf2 Bc4 33.a4 
Rg5 34.c3 Bb3 35.c4 Bxa4 36.g4 Rxg4 37.Kf3 Rxc4 38.Ke3 h5 39.Kd2 h4 40.Ke2
h3 41.Kf1 Rc2 42.Kg1 Bb3 43.Kh1 Bd5+ 44.Kg1 h2+ 45.Kf1 h1=R# 0-1

[Event "SchVgg Blankenese von 1923-SC Caissa Falkensee"]
[Site "?"]
[Date "2024.09.07"]
[Round "2.2"]
[White "Seyedfakhari, Elena"]
[Black "Bathmann, Sanaa Maria"]
[Result "0-1"]
[WhiteElo "1071"]
[BlackElo "802"]
[Board "2"]
[WhiteTeam "SchVgg Blankenese von 1923"]
[BlackTeam "SC Caissa Falkensee"]
[Annotator "Rnd./Pair./Board: 02.003.02"]

1.e4 e5 2.Nf3 Nc6 3.Bc4 Bd6 4.Nc3 Nf6 5.O-O O-O 6.d3 Bb4 7.a3 Bxc3 8.bxc3 
d6 9.h3 Nh5 10.d4 Nf4 11.d5 Na5 12.Ba2 Qf6 13.Re1 Bxh3 14.Bxf4 Qg6 15.Bg3 
Bg4 16.Rb1 f5 17.exf5 Rxf5 18.Qd3 Raf8 19.Kf1 Bxf3 20.gxf3 Qh5 21.c4 Rxf3 
22.Qe2 Qh1# 0-1

[Event "SchVgg Blankenese von 1923-SC Caissa Falkensee"]
[Site "?"]
[Date "2024.09.07"]
[Round "2.3"]
[White "Schellknecht, Johanna Leni"]
[Black "Kofert, Helena"]
[Result "1-0"]
[WhiteElo "600"]
[BlackElo "998"]
[Board "3"]
[WhiteTeam "SC Caissa Falkensee"]
[BlackTeam "SchVgg Blankenese von 1923"]
[Annotator "Rnd./Pair./Board: 02.003.03"]

1.e4 e5 2.Nf3 Nc6 3.Bc4 Nf6 4.d3 Bc5 5.Nc3 d6 6.h3 a6 7.Bg5 h6 8.Bxf6 Qxf6
9.O-O b5 10.Nd5 Qd8 11.Bb3 Be6 12.Nc3 Bxb3 13.axb3 Nb4 14.Re1 d5 15.Nxe5 
Qd6 16.d4 Bb6 17.exd5 Nxd5 18.Nc4+ Qe7 19.Rxe7+ Nxe7 20.Nxb6 cxb6 21.Qe1 
O-O 22.Qxe7 Rae8 23.Qd6 Re6 24.Qd5 1-0

[Event "SchVgg Blankenese von 1923-SC Caissa Falkensee"]
[Site "?"]
[Date "2024.09.07"]
[Round "2.4"]
[White "Polster, Maike"]
[Black "Polat, Helin Marie"]
[Result "1-0"]
[WhiteElo "810"]
[BlackElo "600"]
[Board "4"]
[WhiteTeam "SchVgg Blankenese von 1923"]
[BlackTeam "SC Caissa Falkensee"]
[Annotator "Rnd./Pair./Board: 02.003.04"]

1.e4 e5 2.Nf3 Nc6 3.Nc3 Nf6 4.Bb5 Bc5 5.d3 O-O 6.Bg5 h6 7.Bh4 a6 8.Ba4 d6 
9.b4 Bxb4 10.Qd2 Be6 11.O-O Nd4 12.Ne1 b5 13.Bb3 a5 14.Bxe6 fxe6 15.f4 Nh5
16.Bxd8 Rfxd8 17.Nf3 Nxf3+ 18.Rxf3 Ra6 19.a3 Bc5+ 20.Kh1 b4 21.axb4 Bxb4 
22.Ra4 Rc6 23.d4 Rb8 24.h3 exf4 25.d5 Bxc3 26.Rxc3 Rb1+ 27.Kh2 Ng3 28.Rxg3
fxg3+ 29.Kxg3 exd5 30.Qxd5+ Kh7 31.Qxc6 Re1 32.Rxa5 Re3+ 33.Kh2 d5 34.Qxd5
Re2 35.Qf5+ g6 36.Qf7+ Kh8 37.Ra8# 1-0

[Event "VfL GrÃ¤fenhainichen-Schachzwerge Magdeburg"]
[Site "?"]
[Date "2024.09.07"]
[Round "2.2"]
[White "Schmegel, Alina"]
[Black "Hleizer, Ahata"]
[Result "0-1"]
[WhiteElo "931"]
[BlackElo "1299"]
[Board "2"]
[WhiteTeam "VfL GrÃ¤fenhainichen"]
[BlackTeam "Schachzwerge Magdeburg"]
[Annotator "Rnd./Pair./Board: 02.004.02"]

1.e4 e5 2.Nf3 Nc6 3.Nc3 Nf6 4.Bb5 Bc5 5.d3 h6 6.Be3 Bb6 7.O-O O-O 8.Na4 
Bxe3 9.fxe3 d6 10.d4 exd4 11.exd4 Nxe4 12.Re1 a6 13.Bxc6 d5 14.Qd2 Nxd2 
15.Nxd2 bxc6 16.Re2 Bg4 17.Re3 Qg5 18.Rd3 Bf5 19.Rc3 Qxd2 20.Rxc6 Bxc2 21.
Nc3 Qxd4+ 22.Kf1 Bd3+ 23.Ke1 Qg1+ 24.Kd2 Qxa1 25.Kxd3 Qxb2 26.Rxc7 Rac8 
27.Nxd5 Qb5+ 28.Kd4 Rxc7 29.Nxc7 Rd8+ 30.Ke3 Qe5+ 31.Kf2 Rd2+ 32.Kf3 Qc3+ 
33.Kf4 Qxc7+ 34.Kf3 g5 35.a4 Qf4# 0-1

[Event "VfL GrÃ¤fenhainichen-Schachzwerge Magdeburg"]
[Site "?"]
[Date "2024.09.07"]
[Round "2.3"]
[White "Litvinchuk, Mariia"]
[Black "Strahl, Nele"]
[Result "1-0"]
[WhiteElo "957"]
[BlackElo "964"]
[Board "3"]
[WhiteTeam "Schachzwerge Magdeburg"]
[BlackTeam "VfL GrÃ¤fenhainichen"]
[Annotator "Rnd./Pair./Board: 02.004.03"]

1.e4 e5 2.Nf3 Nc6 3.Bc4 Nf6 4.d3 Be7 5.Be3 O-O 6.c3 d6 7.d4 Bg4 8.h3 Bh5 
9.Nbd2 d5 10.exd5 Nxd5 11.Qe2 Re8 12.Qd3 Bf6 13.O-O a6 14.a4 h6 15.Rae1 
Bg5 16.Nxg5 hxg5 17.Qe4 exd4 18.Qxd5 dxe3 19.Rxe3 Rxe3 20.fxe3 Qe8 21.Qxg5
Rd8 22.Qxh5 Qxe3+ 23.Kh2 Qe5+ 24.Qxe5 Nxe5 25.Ne4 Nxc4 26.b3 Ne3 27.Rf3 f5
28.Rxe3 fxe4 29.Rxe4 Rd3 30.Re8+ Kh7 31.Rb8 b6 32.b4 Rxc3 33.b5 axb5 34.
axb5 Rb3 35.Rb7 c5 36.Rxb6 c4 37.Rc6 c3 38.b6 Kg8 39.b7 Rxb7 40.Rxc3 Kf7 
41.Rf3+ Kg6 42.g4 Kh6 43.Kg3 Rb5 44.Rf5 Rb6 45.Kh4 Rf6 46.g5+ 1-0

[Event "VfL GrÃ¤fenhainichen-Schachzwerge Magdeburg"]
[Site "?"]
[Date "2024.09.07"]
[Round "2.4"]
[White "Philipp, Elaina"]
[Black "Kessler, Lisbeth Erna"]
[Result "0-1"]
[WhiteElo "879"]
[BlackElo "753"]
[Board "4"]
[WhiteTeam "VfL GrÃ¤fenhainichen"]
[BlackTeam "Schachzwerge Magdeburg"]
[Annotator "Rnd./Pair./Board: 02.004.04"]

1.e4 e5 2.Nf3 Nc6 3.Nc3 Nf6 4.Bc4 Bc5 5.d3 Ng4 6.O-O d6 7.Bg5 Nf6 8.a3 Bd4
9.Nb5 Bxb2 10.Ra2 Bd4 11.Qc1 O-O 12.c3 Bc5 13.Re1 Bd7 14.d4 exd4 15.cxd4 
Bb6 16.a4 Na5 17.h3 Nxc4 18.Qxc4 Be6 19.d5 Re8 20.a5 Bc5 21.Ra4 c6 22.Nc3 
b5 23.Nxb5 Rb8 24.Nc3 Rb2 25.Re2 Rb7 26.dxc6 Bxc4 27.Rxc4 Rc7 0-1

[Event "Elmshorner SC von 1896-SC Weisse Dame"]
[Site "?"]
[Date "2024.09.07"]
[Round "2.1"]
[White "Kryvak, Mariia"]
[Black "Vasilieva, Sophie Victoria"]
[Result "1-0"]
[WhiteElo "1138"]
[BlackElo "1009"]
[Board "1"]
[WhiteTeam "SC Weisse Dame"]
[BlackTeam "Elmshorner SC von 1896"]
[Annotator "Rnd./Pair./Board: 02.005.01"]

1.e4 c6 2.Nf3 d5 3.Nc3 dxe4 4.Nxe4 Bf5 5.Qe2 Bxe4 6.Qxe4 Nf6 7.Qb4 Qc7 8.
d4 e6 9.Qc3 Qb6 10.Bd2 Ne4 11.Qb3 Nxd2 12.Qxb6 axb6 13.Nxd2 Bd6 14.Bd3 O-O
15.Nc4 Bc7 16.O-O b5 17.Nd2 Nd7 18.Ne4 e5 19.c3 b4 20.h3 bxc3 21.bxc3 Ra4 
22.Bc2 Rc4 23.Bb3 b5 24.Bxc4 bxc4 25.dxe5 Bxe5 26.Rfd1 Nf6 27.Nxf6+ Bxf6 
28.Rdc1 h6 29.Rab1 Re8 30.Rb4 Re4 31.Rb8+ Kh7 32.Rc8 Re6 33.a4 Bg5 34.Ra1 
Bd2 35.Rd1 Bxc3 36.Rc1 Bb4 37.Rxc4 Re1+ 38.Kh2 Bd6+ 39.g3 Re2 40.Kg1 Re1+ 
41.Kg2 Be5 42.Re8 f6 43.a5 Bc3 44.Rxe1 Bxe1 45.a6 g5 46.a7 Kg6 47.a8=Q f5 
48.Qg8+ Kh5 49.g4+ fxg4 50.hxg4+ Kh4 51.Qh8 h5 52.Qxh5# 1-0

[Event "Elmshorner SC von 1896-SC Weisse Dame"]
[Site "?"]
[Date "2024.09.07"]
[Round "2.2"]
[White "Hirtzel, Hanna Meiki"]
[Black "Andreeva, Katharina"]
[Result "1-0"]
[WhiteElo "1013"]
[BlackElo "1005"]
[Board "2"]
[WhiteTeam "Elmshorner SC von 1896"]
[BlackTeam "SC Weisse Dame"]
[Annotator "Rnd./Pair./Board: 02.005.02"]

1.d4 Nf6 2.Nf3 e6 3.Bf4 Nc6 4.a3 Be7 5.e3 d5 6.Bb5 Bd7 7.O-O O-O 8.c3 a6 
9.Ba4 b5 10.Bc2 Ne4 11.Ne5 Bf6 12.Qd3 Nxe5 13.dxe5 Bg5 14.f3 Bxf4 15.exf4 
Bc6 16.fxe4 dxe4 17.Qh3 Qd5 18.Rf3 g6 19.Rg3 b4 20.cxb4 a5 21.Nc3 Qd2 22.
Bxe4 Bxe4 23.Nxe4 f5 24.Nxd2 Rad8 25.Nf3 axb4 26.Ng5 h5 27.Nxe6 Rfe8 28.
Rxg6+ Kf7 29.Qxh5 Rxe6 30.Qh7+ Ke8 31.Rg8# 1-0

[Event "Elmshorner SC von 1896-SC Weisse Dame"]
[Site "?"]
[Date "2024.09.07"]
[Round "2.3"]
[White "Helbig, Frieda"]
[Black "Hirtzel, Amelie Meiyan"]
[Result "1-0"]
[WhiteElo "983"]
[BlackElo "882"]
[Board "3"]
[WhiteTeam "SC Weisse Dame"]
[BlackTeam "Elmshorner SC von 1896"]
[Annotator "Rnd./Pair./Board: 02.005.03"]

1.e4 d5 2.exd5 Qxd5 3.Nc3 Qa5 4.b4 Qxb4 5.Nb5 Qc5 6.Nf3 Nf6 7.Be2 a6 8.Nc3
Bf5 9.O-O e6 10.Bb2 Bd6 11.Re1 O-O 12.d4 Qc6 13.Ne5 Bxe5 14.dxe5 Re8 15.
exf6 g6 16.Bf3 Qb6 17.Rb1 c6 18.Qc1 Nd7 19.Na4 Qc7 20.Qh6 Nxf6 21.Bxf6 
Bxc2 22.Qg7# 1-0

[Event "Elmshorner SC von 1896-SC Weisse Dame"]
[Site "?"]
[Date "2024.09.07"]
[Round "2.4"]
[White "Gashi, Loresa"]
[Black "Dinges, Mara"]
[Result "0-1"]
[WhiteElo "748"]
[BlackElo "752"]
[Board "4"]
[WhiteTeam "Elmshorner SC von 1896"]
[BlackTeam "SC Weisse Dame"]
[Annotator "Rnd./Pair./Board: 02.005.04"]

1.d4 e6 2.Bf4 d5 3.e3 c5 4.Nc3 Nf6 5.Bd3 Nbd7 6.Nf3 Be7 7.O-O O-O 8.h3 
cxd4 9.exd4 b6 10.Qd2 Nb8 11.Be5 Ba6 12.Nb5 Nc6 13.Bf4 Ne4 14.Qe3 Rc8 15.
Rfe1 Nf6 16.Nxa7 Nxa7 17.Bxa6 Rxc2 18.Rab1 Bb4 19.Red1 Ne4 20.Qb3 Rxf2 21.
Qxb4 Qf6 22.g3 Rxf3 23.Bd2 Rxg3+ 24.Kh2 Qf2+ 25.Kh1 Qg2# 0-1

[Event "SV "GlÃ¼ck auf" RÃ¼dersdorf-SV "Eintracht" TangerhÃ¼tte"]
[Site "?"]
[Date "2024.09.07"]
[Round "2.1"]
[White "Kasten, Luna Seraphine"]
[Black "Niehusen, Lia Florentine"]
[Result "1-0"]
[WhiteElo "956"]
[BlackElo "940"]
[Board "1"]
[WhiteTeam "SV "Eintracht" TangerhÃ¼tte"]
[BlackTeam "SV "GlÃ¼ck auf" RÃ¼dersdorf"]
[Annotator "Rnd./Pair./Board: 02.006.01"]

1.e4 e5 2.d4 Nc6 3.d5 Nd4 4.c3 Ne6 5.dxe6 fxe6 6.Nf3 Bd6 7.Be3 Nf6 8.Bd3 
h6 9.O-O O-O 10.Ne1 Be7 11.Qf3 d5 12.exd5 exd5 13.Qg3 Kh8 14.Qg6 Qe8 15.
Qg3 Qh5 16.Bg6 Qe2 17.b3 Bd7 18.Nd2 Ng4 19.Bd3 Qxf1+ 20.Nxf1 Rae8 21.f3 
Nf6 22.f4 exf4 23.Bxf4 Nh5 24.Qg6 Bf5 25.Bxf5 Rxf5 26.Qxe8+ Rf8 27.Qxh5 
Rxf4 28.Qe8+ Kh7 29.Qxe7 c6 30.Qxb7 Rf6 31.Qxa7 Rd6 32.Qa6 h5 33.Qd3+ g6 
34.Nf3 Kh6 35.Qe3+ Kh7 36.Ng5+ Kg7 37.Qe5+ Kh6 38.Nf7+ Kh7 39.Qh8# 1-0

[Event "SV "GlÃ¼ck auf" RÃ¼dersdorf-SV "Eintracht" TangerhÃ¼tte"]
[Site "?"]
[Date "2024.09.07"]
[Round "2.2"]
[White "Knetsch, Victoria"]
[Black "BÃ¶rner, Martha"]
[Result "0-1"]
[WhiteElo "860"]
[BlackElo "1128"]
[Board "2"]
[WhiteTeam "SV "GlÃ¼ck auf" RÃ¼dersdorf"]
[BlackTeam "SV "Eintracht" TangerhÃ¼tte"]
[Annotator "Rnd./Pair./Board: 02.006.02"]

1.d4 d5 2.c4 e6 3.Nc3 Nf6 4.Bg5 Bb4 5.a3 Bxc3+ 6.bxc3 O-O 7.e3 h6 8.Bh4 
Nc6 9.Bd3 Re8 10.Nf3 b6 11.O-O Bb7 12.Bc2 dxc4 13.Nd2 e5 14.Nxc4 Ba6 15.
Qf3 e4 16.Qg3 Bxc4 17.Rfb1 g5 18.Bxg5 hxg5 19.Qxg5+ Kf8 20.h4 Nd5 21.Qg3 
Nxc3 22.Rb2 Ne2+ 23.Kh2 Nxg3 24.Kxg3 Re6 25.h5 Qg5+ 26.Kh3 Qxh5+ 27.Kg3 
Rg6+ 28.Kf4 Qg4# 0-1

[Event "SV "GlÃ¼ck auf" RÃ¼dersdorf-SV "Eintracht" TangerhÃ¼tte"]
[Site "?"]
[Date "2024.09.07"]
[Round "2.3"]
[White "Voitenko, Anastasiia"]
[Black "NÃ¼tzel, Marie"]
[Result "1-0"]
[WhiteElo "785"]
[BlackElo "715"]
[Board "3"]
[WhiteTeam "SV "Eintracht" TangerhÃ¼tte"]
[BlackTeam "SV "GlÃ¼ck auf" RÃ¼dersdorf"]
[Annotator "Rnd./Pair./Board: 02.006.03"]

1.e4 e5 2.d4 d5 3.Qe2 exd4 4.exd5+ Be6 5.dxe6 Bb4+ 6.c3 Qe7 7.Qd1 Ba5 8.b4
Bb6 9.cxd4 fxe6 10.Be2 Qxb4+ 11.Bd2 Qxd4 12.Nf3 Qxa1 13.Qb3 Qf6 14.Ng5 
Qxf2+ 15.Kd1 Qxg2 16.Qxe6+ Ne7 17.Bf3 Qf2 18.Bb4 Nc6 19.Bxc6+ Kf8 20.Qxe7+
Kg8 21.Bd5+ Qf7 22.Bxf7# 1-0

[Event "Hamburger SK von 1830-SV Hellas Nauen"]
[Site "?"]
[Date "2024.09.07"]
[Round "2.1"]
[White "Pygoch, Lene"]
[Black "GrÃ¶ning, Sophie Marie"]
[Result "1-0"]
[WhiteElo "910"]
[BlackElo "600"]
[Board "1"]
[WhiteTeam "SV Hellas Nauen"]
[BlackTeam "Hamburger SK von 1830"]
[Annotator "Rnd./Pair./Board: 02.007.01"]

1.e4 b6 2.Nf3 Bb7 3.Nc3 e6 4.d4 Bb4 5.a3 Bxc3+ 6.bxc3 Bxe4 7.Bd3 Nf6 8.
Bxe4 Nxe4 9.O-O h6 10.c4 c5 11.Re1 f5 12.dxc5 Nc6 13.cxb6 axb6 14.Bf4 Qe7 
15.Ne5 O-O 16.Qxd7 Qxd7 17.Nxd7 Rfd8 18.Red1 Nc3 19.Rd3 Ne2+ 20.Kf1 Nxf4 
21.Rdd1 Ra4 22.Nxb6 Ra5 23.Rxd8+ Nxd8 24.Nd7 e5 25.Rb1 Nde6 26.Rb8+ Kf7 
27.Rb7 Ng6 28.Nxe5+ Kf6 29.Nxg6 Kxg6 30.Rb5 Rxa3 31.c5 Rc3 32.Ke2 Rxc2+ 
33.Kd3 Nxc5+ 34.Kxc2 Ne4 35.f3 Nd6 36.Rb6 Kg5 37.Rxd6 g6 38.g4 h5 39.h4+ 
Kh6 40.g5+ Kg7 41.Rd7+ Kf8 42.Kc3 f4 43.Kc4 Ke8 44.Ra7 Kd8 45.Kb5 Kc8 46.
Kb6 Kd8 47.Kc6 Kc8 48.Ra8# 1-0

[Event "Hamburger SK von 1830-SV Hellas Nauen"]
[Site "?"]
[Date "2024.09.07"]
[Round "2.2"]
[White "Wartenberg, Adelia"]
[Black "Kuhfeldt, Isabell"]
[Result "1-0"]
[WhiteElo "810"]
[BlackElo "871"]
[Board "2"]
[WhiteTeam "Hamburger SK von 1830"]
[BlackTeam "SV Hellas Nauen"]
[Annotator "Rnd./Pair./Board: 02.007.02"]

1.e4 e5 2.Bc4 Nf6 3.d3 Bc5 4.Bg5 Nc6 5.Nc3 d6 6.Nd5 O-O 7.Nxf6+ gxf6 8.Bh6
Re8 9.Qf3 Bb4+ 10.Kf1 f5 11.Qg3+ {PartiezÃ¼ge: Df6 Lg5 Dg6} 11...Kh8 12.--
Qf6 13.Bg5 Qg6 14.-- Kg8 15.Nf3 fxe4 16.Nh4 Qg7 17.Qe3 Bc5 18.Qd2 Nd4 19.
Bh6 Qf6 20.Bg5 Qg7 21.Bh6 Qh8 22.Qg5+ Qg7 23.Qxg7# 1-0

[Event "Hamburger SK von 1830-SV Hellas Nauen"]
[Site "?"]
[Date "2024.09.07"]
[Round "2.3"]
[White "Glaubitz, Alina"]
[Black "Hitz, Junah"]
[Result "1-0"]
[WhiteElo "772"]
[BlackElo "600"]
[Board "3"]
[WhiteTeam "SV Hellas Nauen"]
[BlackTeam "Hamburger SK von 1830"]
[Annotator "Rnd./Pair./Board: 02.007.03"]

1.e4 e5 2.Nf3 Nc6 3.Bc4 Bc5 4.c3 Nf6 5.d4 Bb6 6.dxe5 Nxe4 7.O-O O-O 8.Re1 
Bxf2+ 9.Kf1 Bxe1 10.Qxe1 Nc5 11.Bg5 Qe8 12.Qg3 g6 13.Bh6 Ne4 14.Qf4 Nc5 
15.Qf6 Ne6 16.Bxe6 fxe6 17.Qg7# 1-0

[Event "Hamburger SK von 1830-SV Hellas Nauen"]
[Site "?"]
[Date "2024.09.07"]
[Round "2.4"]
[White "Paradkar, Diya"]
[Black "Biemann, Henriette"]
[Result "1-0"]
[WhiteElo "600"]
[BlackElo "600"]
[Board "4"]
[WhiteTeam "Hamburger SK von 1830"]
[BlackTeam "SV Hellas Nauen"]
[Annotator "Rnd./Pair./Board: 02.007.04"]

1.e4 e5 2.Nf3 Nc6 3.Bc4 Bc5 4.Nc3 Nf6 5.d3 d6 6.Be3 Bb4 7.Qd2 Bd7 8.a3 Ba5
9.b4 Bb6 10.O-O Qe7 11.Nd5 Qf8 12.Bxb6 O-O-O 13.Bxc7 Ne8 14.Bxd8 Nxd8 15.
Qc3 Nc6 16.b5 Ne7 17.Bb3+ Kb8 18.Nxe7 Qxe7 19.Bd5 Nf6 20.Rab1 h5 21.b6 
axb6 22.Rxb6 Ka8 23.Qa5+ Kb8 24.Rxb7+ Kc8 25.Qa8# 1-0